00643nam a22002057a 450000500170000000800410001702000260005804000190008404100120010308200160011524501260013126000270025730000200028450400200030465000150032465000220033970000370036170000290039885000100042720141205152357.0141205b xxu||||| |||| 00| 0 eng d a9788131605134c695.00 aLoreto College aEnglish a302.23bSCH aGender, social change and the mediabPerspectives from NepalcEdited by Johannes Dragsbaek Schmidt and Torsten Rodel Berg aNew DelhibRawatc2012 ax, 230p.b22cm. aIncludes index. aMass media aMedia and society 4ed.aSchmidt, Johannes Dragsbaek 4ed.aBerg, Torsten Rodel aLCLIB